00980nam a2200253 a 4500001000400000003001000004005001700014008004100031020001800072040002500090080002500115090003400140100002600174245016100200250003100361260003600392300002000428504002600448650003200474650005800506942001200564952013700576999001300713896BR-CuiBMT20231122204431.0231122s2016 spb 000 0 por d a9788547204037 aBR-CuiBMTcBR-CuiBMT 22007a351.94:336.148 a351.94:336.148bF814cc4. ed.1 aFrança, Phillip Gil10aControle da administração pública :bcombate à corrupção, discricionariedade administrativa e regulação econômica /cPhillip Gil França. a4. ed. rev., atual e ampl. aSão Paulo :bSaraiva, c2016. a334 p. ;c21 cm aInclui bibliografia.  aAdministração pública aAgências reguladoras de atividades privadaszBrasil 2udccLV 00102udc4070aBIBTCEMTbBIBTCEMTd2018-04-23l0o351.94:336.148 F814c 4. ed.pBIBTCEMT23110886r2023-11-22tEx. 1w2023-11-22yLV c896d896